000 01713nam a2200529 i 4500
001 22869
003 KOSZ 005
005 20220307090527.0
008 220225s1984 pl f 001 0 pol
015 _aUWD 1985/1318
020 _a830202354X
035 _a991008111819705066
035 _a(PL-WaBN)b12087981-48omnis_nlop
035 _ab12087981
035 _a(OCoLC)830180398
035 _azz2004921619
035 _a(PL)b0000001208798
035 _a(EXLNZ-48OMNIS_NETWORK)9910280704405606
040 _aWA N
_cWA N
_dKOSZ 005/RW
046 _k1984
080 _a811.162.1
080 _a81'373
080 _a81'374
100 1 _aKania, Stanisław
_d(1931- )
_eAutor
245 1 0 _aZarys leksykologii i leksykografii polskiej /
_cStanisław Kania, Jan Tokarski.
250 _aWydanie I.
260 _aWarszawa :
_bWydawnictwa Szkolne i pedagogiczne,
_c1984.
300 _a256 stron ;
_c20 cm.
336 _aTekst
_btxt
_2rdacontent
337 _aBez urządzenia pośredniczącego
_bn
_2rdamedia
338 _aWolumin
_bnc
_2rdacarrier
380 _aKsiążki
380 _aPublikacje dydaktyczne
388 1 _a1901-2000
388 1 _a1945-1989
504 _aBibliografia na stronach 245-[253]. Indeks.
650 7 _aJęzyk polski
_2DBN
650 7 _aLeksykografia
_2DBN
650 7 _aLeksykologia
_2DBN
655 7 _aOpracowanie
658 _aJęzykoznawstwo
700 1 _aTokarski, Jan
_d(1909-1982)
_eAutor
710 2 _aWydawnictwa Szkolne i Pedagogiczne
_4pbl
856 _uhttp://koha.tu.koszalin.pl/cgi-bin/koha/opac-detail.pl?biblionumber=22869
_yKatalog online BPK
942 _2UKD
_cKS
999 _c22869
_d22869